Знамя труда - знамя победы! (Запись № 13292054)

Подробности
000 -МАРКЕР
контрольное поле 03321nkm0a2200481 4500
001 - ИДЕНТИФИКАТОР ЗАПИСИ
контрольное поле RU\NLR\BIBL_A\010472265
005 - ИДЕНТИФИКАТОР ВЕРСИИ
контрольное поле 20260408082437.0
020 ## - НОМЕР ДОКУМЕНТА В НАЦИОНАЛЬНОЙ БИБЛИОГРАФИИ
Код страны российская федерация
Номер 44-1823 (вып. 1944, N 1-2)
Основное заглавие издания Российской книжной палаты Летопись изоизданий / ВКП. - Москва, 1944. - Вып. 1944, N 1-2
035 ## - ДРУГИЕ СИСТЕМНЫЕ НОМЕРА
Идентификатор записи (NLR Aleph) 010472265
071 50 - ИЗДАТЕЛЬСКИЙ НОМЕР
Цена 50 коп.
-- 200000
100 ## - ДАННЫЕ ОБЩЕЙ ОБРАБОТКИ
Данные общей обработки 20141003d1943 u y0rusy50 ca
101 0# - ЯЗЫК РЕСУРСА
Язык текста, звукозаписи и т.д. русский
102 ## - СТРАНА ПУБЛИКАЦИИ ИЛИ ПРОИЗВОДСТВА
Страна публикации российская федерация
116 ## - ПОЛЕ КОДИРОВАННЫХ ДАННЫХ: ИЗОБРАЗИТЕЛЬНЫЕ МАТЕРИАЛЫ
Кодированные данные для изобразительных материалов. iiycxx bf ae
135 ## - ПОЛЕ КОДИРОВАННЫХ ДАННЫХ: ЭЛЕКТРОННЫЕ РЕСУРСЫ
Кодированные данные для электронного ресурса crcn 024anaba
200 1# - ЗАГЛАВИЕ И СВЕДЕНИЯ ОБ ОТВЕТСТВЕННОСТИ
Основное заглавие Знамя труда - знамя победы!
Общее обозначение материала Изоматериал
Сведения, относящиеся к заглавию почтовая карточка
Первые сведения об ответственности художник И. Тоидзе
210 ## - ПУБЛИКАЦИЯ, РАСПРОСТРАНЕНИЕ И ДР.
Место издания, распространения и т.д. [Москва]
Имя издателя, распространителя и т. д. Искусство
Дата издания, распространения и т.д. [1943]
Имя изготовителя Лит. изд. "Искусство"
215 ## - ФИЗИЧЕСКАЯ ХАРАКТЕРИСТИКА
Специфическое обозначение материала и объем 1 л.
Другие сведения о физической характеристике хромолитогр.
Размеры 10,4х14,6
300 ## - ОБЩИЕ ПРИМЕЧАНИЯ
Текст примечания Внизу справа факс. подписи художника: "Ираклий Тоидзе"
300 ## - ОБЩИЕ ПРИМЕЧАНИЯ
Текст примечания Ценз. разрешение: Л53092
325 1# - ПРИМЕЧАНИЕ О КОПИИ
Текст примечания Копия доступна в электронной библиотеке РНБ
327 0# - ПРИМЕЧАНИЯ О СОДЕРЖАНИИ
Текст примечания Советский солдат, вручающий рабочему красное знамя с надписью: "Победителю в социалистическом соревновании"; на дальнем плане заводские корпуса
540 1# - ДОПОЛНИТЕЛЬНОЕ ЗАГЛАВИЕ, ПРИМЕНЯЕМОЕ КАТАЛОГИЗАТОРОМ
Заглавие Советский солдат, вручающий рабочему красное знамя с надписью: "Победителю в социалистическом соревновании"; на дальнем плане заводские корпуса
540 1# - ДОПОЛНИТЕЛЬНОЕ ЗАГЛАВИЕ, ПРИМЕНЯЕМОЕ КАТАЛОГИЗАТОРОМ
Заглавие Победителю в социалистическом соревновании
606 1# - НАИМЕНОВАНИЕ ТЕМЫ КАК ПРЕДМЕТ
Наименование темы Почтовые открытки маркированные художественные
Географический подзаголовок СССР
Хронологический подзаголовок 1941 - 1945
Системный номер авторитетной/нормативной записи 2592287
Идентификатор авторитетной/нормативной записи RU\NLR\AUTH\661531868
606 1# - НАИМЕНОВАНИЕ ТЕМЫ КАК ПРЕДМЕТ
Наименование темы Великая Отечественная война
Формальный подзаголовок Открытки
Тематический подзаголовок Единство фронта и тыла
Хронологический подзаголовок 1941 - 1945
Системный номер авторитетной/нормативной записи 1227401
Идентификатор авторитетной/нормативной записи RU\NLR\AUTH\66182026
606 1# - НАИМЕНОВАНИЕ ТЕМЫ КАК ПРЕДМЕТ
Наименование темы Социалистическое соревнование
Формальный подзаголовок Открытки
Географический подзаголовок СССР
Системный номер авторитетной/нормативной записи 1234401
Идентификатор авторитетной/нормативной записи RU\NLR\AUTH\66185956
686 1# - ИНДЕКСЫ ДРУГИХ КЛАССИФИКАЦИЙ
Индекс Щ153(2)7-489
700 #1 - ИМЯ ЛИЦА - ПЕРВИЧНАЯ ОТВЕТСТВЕННОСТЬ
Код отношения Карикатурист, Художник
Начальный элемент ввода Тоидзе
Часть имени, кроме начального элемента ввода И. М.
Дополнения к именам, кроме дат художник
Даты 1902-1985
Расширение инициалов личного имени Ираклий Моисеевич
Системный номер авторитетной/нормативной записи 138191
Идентификатор авторитетной/нормативной записи RU\NLR\AUTH\770138226
712 02 - НАИМЕНОВАНИЕ ОРГАНИЗАЦИИ - ВТОРИЧНАЯ ОТВЕТСТВЕННОСТЬ
Код отношения Издатель
Начальный элемент ввода "Искусство", издательство
Идентифицирующий признак Москва
Идентификатор авторитетной/нормативной записи RU\NLR\AUTH\8810147805
Системный номер авторитетной/нормативной записи 790084
830 ## - ОБЩЕЕ ПРИМЕЧАНИЕ, СОСТАВЛЕННОЕ КАТАЛОГИЗАТОРОМ
Текст примечания Открытка датирована по "Летописи изобразительного искусства" (1944, N 1-2, 44-1823). А.Я. ОЭст
856 #0 - МЕСТОНАХОЖДЕНИЕ ЭЛЕКТРОННЫХ РЕСУРОВ И ДОСТУП К НИМ
Универсальный идентификатор ресурса (Uniform Resource Identifier) http://vivaldi.nlr.ru/lo000004092/view
856 #1 - МЕСТОНАХОЖДЕНИЕ ЭЛЕКТРОННЫХ РЕСУРОВ И ДОСТУП К НИМ
Универсальный идентификатор ресурса (Uniform Resource Identifier) http://vivaldi.nlr.ru/lo000004092/cover
856 #2 - МЕСТОНАХОЖДЕНИЕ ЭЛЕКТРОННЫХ РЕСУРОВ И ДОСТУП К НИМ
Универсальный идентификатор ресурса (Uniform Resource Identifier) http://vivaldi.nlr.ru/lo000004092/text
901 ## - ДАННЫЕ ОБ ОБЪЕКТЕ ОЦИФРОВКИ
-- Изографические материалы
942 ## - ДОПОЛНИТЕЛЬНЫЕ ЭЛЕМЕНТЫ ЗАПИСИ (АБИС)
Тип экземпляра АБИС Визуальный материал
945 ## - Информацию об издании предоставили:
Полное название организации, предоставившей материал Российская национальная библиотека
980 ## - КОЛЛЕКЦИЯ
Название коллекции Библиография Победы
980 ## - КОЛЛЕКЦИЯ
Название коллекции Национальная библиография
981 17 - КОЛЛЕКЦИЯ ЭЛЕКТРОННОЙ БИБЛИОТЕКИ
Название коллекции Изографические материалы
Название подколлекции Открытки
Экземпляры
Тип экземпляра Дата поступления Библиотека постоянного хранения Библиотека текущего хранения Место хранения Шифр хранения Штрих-код Статус не для выдачи
Визуальный материал 03.10.2014 РНБ (Садовая) РНБ (Садовая) Фонд эстампов и фотографий (изоизданий) Э ОИр995пл/5 ERR-21212  
Визуальный материал 31.03.2015 РНБ (Садовая) РНБ (Садовая) Фонд эстампов и фотографий (изоизданий) Э ОИр995пл/5 ERR-44297